Beyoncé - COWBOY CARTER - Statistics

General Stats
  • This quiz has been taken 93 times
  • The average score is 11 of 27
Answer Stats
2024 COWBOY CARTER % Correct
1 AMERIICAN REQUIEM
79%
7 TEXAS HOLD 'EM
75%
3 16 CARRIAGES
67%
20 YA YA
63%
27 AMEN
60%
8 BODYGUARD
60%
24 II HANDS II HEAVEN
52%
4 PROTECTOR (feat. Rumi Carter)
52%
2 BLACKBIIRD (feat. Tanner Adell, Brittney Spencer, Tiera Kennedy & Reyna Roberts)
50%
10 JOLENE
50%
11 DAUGHTER
46%
5 MY ROSE
46%
25 TYRANT (feat. Dolly Parton)
46%
16 II MOST WANTED (feat. Miley Cyrus)
42%
18 FLAMENCO
40%
23 RIIVERDANCE
37%
13 ALLIIGATOR TEARS
33%
17 LEVII'S JEANS (feat. Post Malone)
33%
26 SWEET ★ HONEY ★ BUCKIIN' (feat. Shaboozey)
33%
15 JUST FOR FUN (feat. Willie Jones)
31%
9 DOLLY P (feat. Dolly Parton)
25%
22 DESERT EAGLE
23%
21 OH LOUISIANA
19%
12 SPAGHETTII (feat. Linda Martell & Shaboozey)
19%
14 SMOKE HOUR II (feat. Willie Nelson)
17%
6 SMOKE HOUR ★ WILLIE NELSON (feat. Willie Nelson)
17%
19 THE LINDA MARTELL SHOW (feat. Linda Martell)
17%
No matching quizzes found
Score Distribution
Percent of People with Each Score
Percentile by Number Answered
Your Score History
You have not taken this quiz